Score 0/90 Timer 10:00
3 Plays Today
% Correct
Cavaliers
95.8%
The Empire Strikes Back
95.8%
Envy
95.6%
Cavy
95.6%
Levy
95.5%
Bevy
95.5%
Attack of the Clones
95.4%
Return of the Jedi
95.4%
Wavy
95.3%
Navy
95.3%
Browns
95.1%
Revenge of the Sith
95%
Bengals
94.8%
The Phantom Menace
93.9%
Indians
92.8%
Pork with Ham
92.6%
Christian Bale
92.2%
Blue Jackets
91.9%
Alfa
91.8%
Delta
91.8%
Dan Castellaneta
91.8%
Fluorine
91.7%
Nancy Cartwright
91.6%
Hank Azaria
91.6%
Michael Keaton
91.6%
Genesis
91.5%
A New Hope
91.5%
Old Toronto
91.4%
Salt
91.4%
Chlorine
91.3%
% Correct
Sugar
91%
George Clooney
90.9%
Claus
90.9%
Santa
90.8%
Coming
90.8%
Ben Affleck
90.4%
Is
90.4%
To
90.3%
Town
89.9%
Iodine
89.9%
Reds
89.8%
Bromine
89.7%
Julie Kavner
89.4%
Harry Shearer
89.2%
Water
89.1%
Lima
88.6%
North York
88.4%
East York
88.1%
1 Kings
87.7%
2 Kings
87.5%
A Pillow of Winds
87%
Adam West
87%
Val Kilmer
86.8%
Judges
86.7%
Astatine
86.6%
India
86.5%
Papa
86.5%
Modified Potato Starch
86%
One of These Days
85.7%
Yeardley Smith
85.7%
% Correct
Attack
85.6%
Character
85.5%
Sodium Nitrite
85.1%
Defense
84.9%
Plot
84.9%
Theme
84.3%
Sierra
83.1%
Song of Solomon
82.4%
Speed
82.2%
Special Attack
81.8%
Diction
81.3%
Haggai
80.9%
Mohawk
80.1%
York
79.5%
Special Defense
78.8%
Scarborough
78.3%
Cayuga
78.2%
Hit Points
78.2%
Onondaga
78.1%
Tennessine
75.3%
Music
74.7%
Oneida
71.6%
Seneca
71%
Spectacle
69.9%
Echoes
69.5%
Fearless
68.7%
Tuscarora
68.3%
San Tropez
54%
Etobicoke
33.7%
Seamus
33.7%
Remove Ads.
Support Sporcle.
Get the best of Sporcle when you Go Orange. This ad-free experience offers more features, more stats, and more fun while also helping to support Sporcle. Thank you for becoming a member.

You're not logged in!

Compare scores with friends on all Sporcle quizzes.
OR
Log In

Show Comments

Extras

Top Quizzes Today


Score Distribution

Your Account Isn't Verified!

In order to create a playlist on Sporcle, you need to verify the email address you used during registration. Go to your Sporcle Settings to finish the process.

Report this User

Report this user for behavior that violates our Community Guidelines.

Details: